000 01105aam a2200301 i 4500
001 768714001
003 CO-MdBIC
005 20210716124046.0
007 ta
008 210716t1991 ck ba||| |||| 00| 0 spa d
020 _a[No incluye ISBN]
040 _bspa.
_aCO-MdFUSB
_cCO-MdFUSB
_dCO-MdFUSBC
_erda
041 _aspa
082 0 4 _a572
_223
_bL318c
100 1 _aLara, Oscar
_eautor
245 1 3 _aLa comunidad participativa III :
_b Desarrollo integral de comunidades indígenas
_c/ Oscar Lara
264 1 _aBogotá, Colombia :
_bCoextensión,
_c[1991]
264 4 _c© 1991
300 _a147 Páginas
_c; 27 cm
336 _atexto
_btxt
_2rdacontent
337 _2rdamedia
_asin mediación
_bn
338 _2rdacarrier
_avolumen
_bnc
505 _aLa originalidad de la Cultura. -- Simbología de la cultura. -- Simbología de la cultura indígena. -- Problemática general del indígena en américa. -- Dificultades dela misión en américa latina. -- El papel del Estado. -- Congresos indígenas.
563 _aRústico
650 7 _2sears
_93
_aCultura
942 _cBK
945 _aJTF-925
999 _c39924
_d39924